| 000 | 01138njm a22002657a 4500 | ||
|---|---|---|---|
| 005 | 20100901115333.0 | ||
| 006 | a|||||r|||||00| 0 | ||
| 007 | sd ammalaaahaa | ||
| 008 | 100901t xxu||||| |||| 00| 0 eng d | ||
| 028 |
_aN 54340 _bHis Master Voice |
||
| 035 | _aGR-01214 | ||
| 040 |
_aSED _cSED |
||
| 100 |
_aMohd Rafi _917891 |
||
| 245 |
_aShikari / _cby Mohd Rafi [and] Lata Mangeshkar ; Music by G.S. Kohli ; lyrices by Faruk Kaiser _h[Sound recording] |
||
| 246 | _aशिकारी / मोहद रफ़ी | ||
| 260 |
_aDUM DUM, India _bHis Master Voice |
||
| 300 |
_a1 Sound disc [Gramophone Recording] : _banalog, 33 1/3 rpm _c9.5 in. (MP) _fGramophone Record |
||
| 500 | _aBrief record | ||
| 505 | _aSide-1 चमन के फुल भी (Chaman ke ful bhi) (Mohd Rafi)--Side-2 तुम को पिया दिल दिया (Tum ko piya dil diya) (Lata & Usha Mangeshkar) | ||
| 650 |
_aClassical music _xExcerpts _zIndia _917892 |
||
| 700 |
_aKohil, G.S. _918869 |
||
| 700 |
_aKaiser, Faruk _918859 |
||
| 942 |
_2ddc _cGR |
||
| 999 |
_c44480 _d44480 |
||